Movies Quiz

Random Movies or Letter Quiz

'B' Movies by Picture Quiz Stats

Quiz Updated Mar 27, 2016

Challenge
Share
Tweet
Score 0/30 Timer 06:00
5 Plays Today
Grid Location Movie % Correct
1CBeauty and the Beast
95.7%
1BBatman
87.1%
1EBlack Swan
86%
3EBraveheart
70.2%
5ABack to the Future
64.8%
3CThe Big Lebowski
60.8%
2DThe Breakfast Club
57.9%
3FBride of Frankenstein
56.8%
3ABackdraft
50%
4DBridesmaids
47.9%
1AButch Cassidy and the Sundance Kid
46.5%
2EBad News Bears
45.6%
2FBlue Lagoon
43.2%
2BBig Fish
40.5%
5DBedazzled
34.1%
Grid Location Movie % Correct
5EBuried
30.1%
5BBlade Runner
26.8%
4FBull Durham
23.6%
2ABe Cool
22.5%
3DBullitt
20.2%
5FThe Bridge on the River Kwai
19%
4ABig Top Pee Wee
18%
4CBringing Up Baby
17.5%
4BThe Beach
16.2%
2CBattle Los Angeles
16.2%
1FBig Trouble in Little China
15.1%
4EBoogie Nights
12.8%
5CBride and Prejudice
12.5%
1DBefore Sunrise
12.1%
3BBrazil
5.9%

You're not logged in!

Compare scores with friends on all Sporcle quizzes.
Join for Free
OR
Log In

You Might Also Like...

Show Comments

Extras

Top Quizzes Today


Score Distribution

Your Account Isn't Verified!

In order to create a playlist on Sporcle, you need to verify the email address you used during registration. Go to your Sporcle Settings to finish the process.

Report this User

Report this user for behavior that violates our Community Guidelines.

Details: